000 00734nam a2200277Ia 4500
005 20260324115223.0
008 008 260324s9999 xx 000 0 eng d
020 _a9780429300387
037 _aEBOOK
040 _aCRL
040 _beng
040 _cCRL
041 _2eng
041 _aeng
084 _qCRL
100 _aCarlos Ariel Cardona Alzate; Mariana Ortiz Sanchez; Pisarenko Yury Andrianovich
_91153821
245 0 _aReactive Separation for Process Intensification and Sustainability
260 _bTaylor and Francis
260 _c2019
365 _a
365 _b355
856 _uhttp://www.taylorfrancis.com/books/9780429300387
942 _cEBOOK
999 _c1744546
_d1744546